|
|
|
|
| LEADER |
00000nam0a2200000 4500 |
| 001 |
154508 |
| 005 |
20231031151910.0 |
| 010 |
|
|
|a 5745800852
|
| 020 |
|
|
|a RU
|b 88-63917
|
| 035 |
|
|
|a (RuTPU)RU\TPU\book\167598
|
| 090 |
|
|
|a 154508
|
| 100 |
|
|
|a 20090227d1988 de y0rusy5003 ca
|
| 101 |
0 |
|
|a rus
|
| 102 |
|
|
|a RU
|
| 105 |
|
|
|a a z 000ay
|
| 200 |
1 |
|
|a Черная щука, или Необычные встречи с обычными животными
|e для среднего и старшего школьного возраста
|f Л. Л. Семаго
|g худож. Н. Д. Семенихин
|
| 210 |
|
|
|a Воронеж
|c Центрально-Черноземное кн. изд-во
|d 1988
|
| 215 |
|
|
|a 222,[1] с.
|c ил.
|d 21 см
|
| 610 |
1 |
|
|a Животные
|
| 610 |
1 |
|
|a детская литература
|
| 675 |
|
|
|a 087
|z rus
|
| 700 |
|
1 |
|a Семаго
|b Л. Л.
|g Леонид Леонидович
|4 070
|
| 702 |
|
1 |
|a Семенихин
|b Н. Д.
|4 440
|
| 801 |
|
0 |
|a RU
|b RuMRKP
|c 19950417
|g psbo
|
| 801 |
|
1 |
|a RU
|b 63413507
|c 20090227
|g PSBO
|
| 801 |
|
2 |
|a RU
|b 63413507
|c 20090915
|g PSBO
|
| 942 |
|
|
|c BK
|